Writing an essay: how to improve your performance for coursework and examinations

Uloženo v:
Podrobná bibliografie
Hlavní autor: Hennessy, Brendan (Autor)
Médium: Kniha
Jazyk:angličtina
Vydáno: Oxford How to Books 1997
Vydání:4a. ed
Edice:Student Handbooks
Témata:
Tagy: Přidat tag
Žádné tagy, Buďte první, kdo vytvoří štítek k tomuto záznamu!

MARC

LEADER 00000nam a2200000 a 4500
001 UCO9178
003 CL-VaPUC
008 010119e19970000UK |||||||||||||||||eng|d
082 0 4 |a 808.0688  |b HEN  |2 21 
100 0 |a Hennessy, Brendan  |e author  |9 454163 
245 1 0 |a Writing an essay: how to improve your performance for coursework and examinations 
250 |a 4a. ed 
300 |a 192 p 
942 |c BK 
945 |d 20010119 00:00:00  |a cmena 
260 |a Oxford  |b How to Books  |c 1997 
650 0 |a Ensayos  |9 268724 
650 0 |a Redacción de escritos  |9 356917 
650 0 |a Lingüística aplicada   |9 313266 
650 7 |a EJERCICIOS DE REDACCION  |2 CL-VaPUC  |9 311847 
583 |a last modification  |c 20010119 00:00:00  |k Rodrigo Vera 
490 0 |a Student Handbooks 
999 |c 293457  |d 293455 
952 |0 0  |1 0  |4 0  |6 808_068800000000000_HEN_1997  |7 0  |8 A  |9 345006  |a FDOPOS  |b FDOPOS  |d 2019-11-20  |i 3680878  |o 808.0688 HEN 1997  |p 3680878  |r 2025-01-22  |w 2019-11-20  |y BK  |k MLA